Statistics for Total Drama World Tour Locations

Click here to take the quiz!

General Stats

  • This quiz has been taken 83 times
  • The average score is 9 of 22

Answer Stats

EpisodeAnswer% Correct
5New York City
71%
3Tokyo
68%
26Hilo
59%
13London
59%
9Paris
59%
14Athens
51%
4Yukon River
51%
15Mojave Desert
42%
22Easter Island
41%
19Niagara Falls
41%
21Serengeti
41%
10St. John's
41%
11Montego Bay
39%
23Drumheller
37%
8Cuzco
36%
17Gothenburg
36%
25Tijuana
34%
20Beijing
31%
1Giza
25%
16Newham
19%
2Nile River
19%
7Watzmann
19%

Score Distribution

Percentile by Number Answered

Percent of People with Each Score

Your Score History

You have not taken this quiz